State of the Bangladesh economy in FY2006-07 and outlook for FY2007-08

التفاصيل البيبلوغرافية
مؤلف مشترك: Centre for Policy Dialogue (Bangladesh)
التنسيق: كتاب
اللغة:English
منشور في: Dhaka : Centre for Policy Dialogue, Bangladesh, 2008.
الموضوعات:
Classic Catalogue: View this record in Classic Catalogue
LEADER 01413nam a2200301 a 4500
001 15664013
003 BD-DhAAL
008 090721s2008 bg f000 0 eng d
010 |a  2008319077 
020 |a 9843000013691 
040 |a DLC  |c DLC  |d DLC  |d BD-DhAAL 
082 0 0 |a 330.9/549/205   |2 22 
245 0 0 |a State of the Bangladesh economy in FY2006-07 and outlook for FY2007-08 
260 |a Dhaka :  |b Centre for Policy Dialogue, Bangladesh,  |c 2008. 
300 |a ix, 170 pages :  |b illustrations ;  |c 28 cm. 
310 |a Annual 
500 |a Description based on: 2006/07. 
526 |x Salim khan Sr. program Associate James P. Grant School. Course name and no. N/A  
541 1 |a A H Development publishing house  |e 00018464 
650 0 |a Budget  |z Bangladesh  |v Periodicals.  |9 215 
651 0 |a Bangladesh  |x Economic conditions  |v Periodicals.  |9 216 
651 0 |a Bangladesh  |x Economic policy  |v Periodicals.  |9 217 
651 0 |a Bangladesh  |x Appropriations and expenditures  |v Periodicals.  |9 218 
710 2 |a Centre for Policy Dialogue (Bangladesh)  |9 219 
852 4 |a School of Public Health. 
942 |2 ddc  |c BK 
999 |c 2668  |d 2668 
952 |0 0  |1 0  |2 ddc  |4 0  |6 330_954920500000000_STA  |7 0  |9 2450  |a JPGSPH  |b JPGSPH  |d 2009-07-22  |e A. H. Development Publishing House.  |g 270.00  |l 0  |o 330.9549205 STA  |p 3060018464  |r 2009-07-22  |t 1  |w 2009-07-22  |y BK  |x Requisitioned by Salim khan, Sr. program Associate, James P. Grant School. Course name and no. N/A